| 000 | 00965cam a2200217 4500 | ||
|---|---|---|---|
| 001 | WB4031-15 | ||
| 008 | 040810n2004 000 0 eng u | ||
| 035 | _a(Sirsi) u127040 | ||
| 245 | _aGood practice in communications | ||
| 260 | _ac2004 | ||
| 490 |
_aInside Housing _v(21)31, 6 August 2004, 11 (1) |
||
| 520 | _aThe Improvement and Development Agency has launched an online database to help housing organisations share good practice in communications (http://www.idea.gov.uk). The toolkit aims to help local authorities and arm's-length management organisations improve the way they consult with tenants and leaseholders. It will also help authorities keep up-to-date with changes to the private finance initiative, ALMO or stock transfer options. | ||
| 590 | _aWB | ||
| 590 | _aWB | ||
| 650 | _aGOOD PRACTICE | ||
| 650 | _aCOMMUNICATIONS | ||
| 650 | _aHOUSING ASSOCIATIONS | ||
| 650 | _aDATABASE | ||
| 690 | _aPROFESSIONAL PRACTICE | ||
| 942 | _n0 | ||
| 999 |
_c117831 _d117831 |
||